• 首页
  • 本馆介绍
  • 公告通知
  • 最新文献
  • 馆藏检索
  • 电子资源
  • 读者导购
  • 参考咨询
  • 我的图书馆
  • 登录
  • 详细信息显示
  • 放入我的书架
  • 预约/预借图书
  • 作者相关作品
  • 分类相关作品
  • 丛书相关作品
  • 出版社相关作品

书目信息

  • 表格格式
  • 工作单格式
  • 卡片格式
题名:
土力学
    
 
作者: 李道荣 主编
分册:  
出版信息: 北京   中国水利水电出版社  1993.06
页数: 167页
开本: 26cm
丛书名:
单 册:
中图分类: TU43
科图分类:
主题词: 土力学
电子资源:
ISBN: 978-7-80124-416-1
000 00572nam0 2200217 450
001 0858386063
005 20081203161434.39
010    @a978-7-80124-416-1@dCNY18.00
100    @a20081203d1993 km y0chiy0120 ea
101 0  @achi
102    @aCN
200 1  @a土力学@Atu li xue@f李道荣主编@Fli dao rong zhu bian
205    @a2版
210    @a北京@c中国水利水电出版社@d1993.06
215    @a167页@d26cm
300    @a中等专业学校教材
606 0  @a土力学
690    @aTU43@v4
701  0 @a李道荣@Ali dao rong@4主编
801  0 @aCN@bNISOFT@c20081203
905    @aBZT@dTU43@e1@f5
    
    土力学/李道荣主编.-2版.-北京:中国水利水电出版社,1993.06
    167页;26cm
    中等专业学校教材
    
    ISBN 978-7-80124-416-1:CNY18.00
    
●
相关链接 在五车中查询图书 在当当中查询图书 在豆瓣中查询图书


正题名:土力学     索取号:TU43/1         预约/预借

序号 登录号 条形码 馆藏地/架位号 状态 备注
1 0686932   2000686932   样本书库/样004架A面2层1列/ [索取号:TU43/1] 在馆    
2 0686933   2000686933   中心书库中库/ 中库022架B面1列7层33/ [索取号:TU43/1] 在馆    
3 0686934   2000686934   中心书库中库/ 中库022架B面1列7层35/ [索取号:TU43/1] 在馆    
4 0686935   2000686935   中心书库中库/ 中库022架B面1列7层32/ [索取号:TU43/1] 在馆    
5 0686936   2000686936   中心书库中库/ 中库022架B面1列7层34/ [索取号:TU43/1] 在馆    
山东省滨州职业学院图书馆 欢迎您!
大连网信软件有限公司© 版权所有